| 000 | 01186cam a22003734a 4500 | ||
|---|---|---|---|
| 001 | 3097 | ||
| 003 | FISKH | ||
| 005 | 20240205154551.0 | ||
| 008 | 060918s2005 iaua j 000 1 eng d | ||
| 010 | _a 2006543875 | ||
| 020 | _a0696225085 | ||
| 020 | _a9780696225086 | ||
| 035 | _a(OCoLC)ocm60649122 | ||
| 040 |
_aIG# _cIG# _dBAKER _dDLC _beng |
||
| 042 | _alccopycat | ||
| 050 | 0 | 0 |
_aPZ7.S94342 _bFam 2005 |
| 082 | 0 | 4 |
_a[E] _222 |
| 100 | 1 |
_aSudduth, Brent H., _d1964- |
|
| 245 | 1 | 0 |
_aFantastic Four : _bthe imagination ring / _cby Brent Sudduth ; illustrated by Mangaworx. |
| 246 | 3 | _aFantastic 4 | |
| 246 | 3 | 0 | _aImagination ring |
| 260 |
_aDes Moines, Iowa : _bMeredith Books, _c2005 |
||
| 300 |
_a16 unnumbered pages : _bcolor illustrations ; _c21 cm |
||
| 505 | _aJ | ||
| 520 | _aWhen the Fantastic Four are to be given a heroes award, their evil nemesis, Dr. Doom, returns. | ||
| 521 | 8 |
_a500
_bLexile estimate |
|
| 521 | 8 |
_aJ
_bRaz-Plus |
|
| 650 | 0 |
_aHeroes _vJuvenile fiction. |
|
| 650 | 1 |
_aHeroes _vFiction. |
|
| 710 | 2 | _aMangaworx. | |
| 710 | 2 | _aMarvel Characters, Inc. | |
| 906 |
_a7 _bcbc _ccopycat _d2 _encip _f20 _gy-gencatlg |
||
| 942 |
_2ddc _cBK _n0 |
||
| 999 |
_c3097 _d3097 |
||